00530 2200205 4500001002100000005001500021035002000036245003000056100001700086250001000103300003800113260003500151082000800186084001400194020001900208600003200227600002500259504002000284990002000304INLIS00000000000525120250220080531 a0010-02250000651 a3726 MDPL /cNurwina Sari0 aNurwina Sari aCet.1 a278 hlm, :bilus ;c12,5 x 19 cm. aJakarta; :bRomancious,c2024. a813 a813 NUR t a978623310259-9 aPenyunting,Zafira Salsabila aPenata Letak,Nuraini aTentang Penulis a16219/P/BL/2025